000 00588nam a2200205Ia 4500
005 20230726155208.0
008 210716s1992 xx 000 0 und d
020 _a8185623546
040 _cAIMIT LIBRARY
041 _aeng
082 _a005.133
_21
_bLEVL
100 _aLeventhal, Lance A.
_9128464
245 _aTurbo c quickstart /
_cLance A . Leventhal.
250 _a1st ed.
260 _aNew Delhi :
_bGalgotia Publications Pvt Ltd ,
_c1992.
300 _axx,416
650 _aNone
_9128465
700 _aLeventhal, Lance A.
_9128464
942 _2ddc
_cBK
_e1st ed.
_k005.133 LEVL
999 _c181969
_d181969